Fr. Conceicao Rodrigues College of Engineering

Adoption of numerical controls in machine toolsl (Record no. 24816)

MARC details
000 -LEADER
fixed length control field 00285nam a2200133Ia 4500
082 ## - DEWEY DECIMAL CLASSIFICATION NUMBER
Classification number 621.902
Item number KUM
100 ## - MAIN ENTRY--PERSONAL NAME
Personal name Kumar/S.J
245 ## - TITLE STATEMENT
Title Adoption of numerical controls in machine toolsl
260 ## - PUBLICATION, DISTRIBUTION, ETC.
Name of publisher, distributor, etc. none
300 ## - PHYSICAL DESCRIPTION
Extent 44
546 ## - LANGUAGE NOTE
Language note ENGLISH
654 ## - SUBJECT ADDED ENTRY--FACETED TOPICAL TERMS
Focus term numerical
942 ## - ADDED ENTRY ELEMENTS (KOHA)
Koha item type BOOK
Holdings
Withdrawn status Lost status Damaged status Not for loan Collection Home library Current library Shelving location Date acquired Total Checkouts Full call number Barcode Date last seen Price effective from Koha item type
        CRC Fr. Agnel's C.Rodrigues College of Engineering Fr. Agnel's C.Rodrigues College of Engineering   17/03/2023   621.902 KUM 2090 17/03/2023 17/03/2023 BOOK